banner-ar

الفلسفة الحديثة / (Record no. 64481)

MARC details
000 -الفاتح
حقل البيانات ثابتة الطول 01375nam a22003737a 4500
005 - وقت وتاريخ اخر تعامل مع التسجيلة
رقم الضبط 20240530110734.0
008 - عناصر البيانات ثابتة الطول - معلومات عامة
حقل البيانات ثابتة الطول 180213s2008 ua a g 000 0 ara d
017 ## - رقم الايداع القانونى
المصدر ( الهيئة المختصة) مصر. دار الكتب
040 ## - مصدر الفهرسة
وكالة الفهرسة الأصلية EG-CaGPL
وكالة النسخ EG-CaGPL
082 04 - رقم تصنيف ديوى العشرى
رقم الطبعة 21
رقم التصنيف 191\
رقم المادة إ ف
100 0# - المدخل الرئيسى - إسم شخصى
الإسم الشخصى ابراهيم مصطفى ابراهيم
245 12 - بيان العنوان
العنوان الفلسفة الحديثة /
بيان المسئوليه,etc ابراهيم مصطفى ابراهيم
رقم الجزء/قسم العمل الجزء الاول -
اسم جزء/قسم العمل من ديكارت الى هيوم
رقم الجزء/قسم العمل الجزء الثانى -
اسم جزء/قسم العمل من كنط الى رينوفييه
250 ## - بيان الطبعة
بيان الطبعة ط. 1
260 ## - PUBLICATION, DISTRIBUTION, ETC. (IMPRINT)
تاريخ النشر أو التوزيع 2009.
300 ## - الوصف المادى
التعداد 2 جزء ؛
أبعاد الوعاء 24 سم.
600 0# - المدخل الاضافى بالموضوع-اسم شخصى
الإسم الشخصى رينيه ديكارت
600 0# - المدخل الاضافى بالموضوع-اسم شخصى
الإسم الشخصى بليز بسكال
600 0# - المدخل الاضافى بالموضوع-اسم شخصى
الإسم الشخصى نيقولا مالبرانش
600 0# - المدخل الاضافى بالموضوع-اسم شخصى
الإسم الشخصى باروخ سبينوزا
600 0# - المدخل الاضافى بالموضوع-اسم شخصى
الإسم الشخصى جون لوك
600 0# - المدخل الاضافى بالموضوع-اسم شخصى
الإسم الشخصى جورج بركلى
600 0# - المدخل الاضافى بالموضوع-اسم شخصى
الإسم الشخصى شارل رينوفييه
600 0# - المدخل الاضافى بالموضوع-اسم شخصى
الإسم الشخصى فردريك نيتشة
600 0# - المدخل الاضافى بالموضوع-اسم شخصى
الإسم الشخصى كارل ماركس
600 0# - المدخل الاضافى بالموضوع-اسم شخصى
الإسم الشخصى لودفيج فويرباخ
600 0# - المدخل الاضافى بالموضوع-اسم شخصى
الإسم الشخصى ارثر شوبنهور
600 0# - المدخل الاضافى بالموضوع-اسم شخصى
الإسم الشخصى ديفيد هيوم
600 0# - المدخل الاضافى بالموضوع-اسم شخصى
الإسم الشخصى فردريك هيجل
600 0# - المدخل الاضافى بالموضوع-اسم شخصى
الإسم الشخصى ايمانويل كنط
650 07 - المدخل الاضافى بالموضوع-مصطلح موضوعى
مصدر الرأس أو المصطلح qrmak
مصطلح موضوعي الفلسفة الحديثة
651 07 - المدخل الاضافى بالموضوع - اسم جغرافى
مصدر الرأس أو المصطلح qrmak
942 ## - عناصر المدخل الإضافي( كوها)
مصدر التصنيف او مخطط الترفيف Dewey Decimal Classification
Koha [default] item type كتاب
260 ## - PUBLICATION, DISTRIBUTION, ETC. (IMPRINT)
-- القاهرة :
-- دار المعرفة الجامعية ،
Holdings
حالة التراجع حالة الفقد حالة تلف ليس للاعارة المكان المؤقت الموقع الحالى موقع الترفيف تاريخ الاكتساب اجمالي اﻻعارات رقم الطلب الباركود تاريخ اخر مشاهدة تاريخ تفعيل السعر نوع وعاء كوها
        مكتبة القاهرة الكبرى مكتبة القاهرة الكبرى القاعة الرئيسية 07/02/2018   191\ إ ف 164893 07/02/2018 07/02/2018 كتاب
        مكتبة القاهرة الكبرى مكتبة القاهرة الكبرى القاعة الرئيسية 07/02/2018   191\ إ ف 164894 07/02/2018 07/02/2018 كتاب

Powered By

EGPV